Capitales des Länders allemands - Carte. - Statistiques

Statistiques générales
  • Ce quiz a été pris 360 fois
  • Le résultat moyen est 10 sur 16
Réponses sur la Carte
Les réponses sont colorées sur une échelle allant du rouge au vert en fonction du pourcentage des utilisateurs qui les ont devinées à leur premier essai. Vous pouvez retrouver ces pourcentages ci-dessous.
 
Statistiques - réponses
Länder Population Capitale % Correct
Ville-État 3,375,222 Berlin
100%
Bavière 1,388,308 Munich
100%
Ville-État 1,738,366 Hambourg
97%
Ville-État 546,451 Brême
80%
Bade-Wurtemberg 591,015 Stuttgart
79%
Saxe 525,105 Dresde
71%
Rhénanie-du-Nord-Westphalie 593,682 Düsseldorf
68%
Sarre 176,996 Sarrebruck
64%
Basse-Saxe 509.485 Hanovre
57%
Schleswig-Holstein 239,866 Kiel
56%
Rhénanie-Palatinat 201,002 Mayence
47%
Brandebourg 159,456 Potsdam
45%
Thuringe 203,485 Erfurt
35%
Saxe-Anhalt 228,910 Magdebourg
33%
Hesse 272,636 Wiesbaden
31%
Mecklembourg-Poméranie-Occidentale 91,264 Schwerin
27%
Aucun quiz correspondant
Distribution des résultats
% des personnes avec chaque résultat
Percentile par nombre de réponses
Votre historique - résultats
Vous n’avez pas pris ce quiz